| 000 | 03082cam a22005054i 4500 | ||
|---|---|---|---|
| 003 | PE-LiUPU | ||
| 005 | 20250731173407.0 | ||
| 008 | 150706s r 000 0 d | ||
| 020 | _a9780825414084 | ||
| 035 | _a(Sirsi) i9780825414084 | ||
| 040 |
_aPE-LiUPU _bspa _cPE-LiUPU _erda |
||
| 049 | _aPRUA | ||
| 082 | 0 | 4 |
_b _221 |
| 100 | 1 |
_aLutzer, Erwin, _eautor. |
|
| 245 | 1 | 0 |
_aDe pastor a pastor : _bcómo enfrentar los problemas del ministerio / _cErwin Lutzer . |
| 264 | 1 |
_aGrand Rapids, Michigan : _bPortavoz, _c1999. |
|
| 300 |
_a128 páginas ; _c22 cm. |
||
| 336 |
_atext _2rdacontent |
||
| 337 |
_aunmediated _2rdamedia |
||
| 338 |
_avolume _2rdacarrier |
||
| 505 | 0 | _aEl llamado al ministerio -- Las expectativas de una congregación -- Sobreviviendo a una escaramuza: ¿cómo debe ser nuestra relación con el consejo de la iglesia? -- Gente problemática: ¿confrontar o ceder? -- La predicación: ¿cómo alcanzar esas almas? -- Cristianos holgazanes: ¿podemos ponerlos a marchar? -- La división de iglesias: ¿Cuánto vale la pena pagar su costo? -- La política: ¿dónde hay que trazar la raya? -- La envidia: ¿qué hacemos para vivir a la sombra del éxito? -- El agotamiento: ¿todavía se puede encender la madera mojada? -- La iglesia y el mundo: ¿quién influye a quién? -- La consejería: ¿tenemos que ser expertos en psicología? -- La adoración: ¿puede ocurrir en un culto estructurado? -- Invitaciones públicas: ¿Estamos siendo mal interpretados? -- El juicio de Dios: ¿Cómo podemos reconocerlo en la actualidad? -- Una teología más benigna y agradable -- ¿es bíblica o es cultural? -- Las prioridades: ¿qué hago para poner mis asuntos en orden? -- El fracaso: ¿Por qué ocurre en algunas ocasiones? -- Los caídos: ¿Cómo alcanzarlos y restaurarlos? -- La iglesia: ¿cómo es el diseño de Cristo?. | |
| 526 | _aSEG42 | ||
| 526 | _aSEG41 | ||
| 526 | _aSEG40 | ||
| 526 | _aSEG39 | ||
| 526 | _aP94 | ||
| 526 | _aP87 | ||
| 526 | _aP86 | ||
| 526 | _aP85 | ||
| 526 | _aP77 | ||
| 526 | _aP76 | ||
| 526 | _aP35 | ||
| 541 | _g001-0000539; | ||
| 541 | _g001-001102; | ||
| 650 | 0 | 4 | _aPastores (Religión). |
| 650 | 0 | 4 |
_aTeología pastoral. _91381 |
| 910 |
_agl _bjv _cng _d20110821 |
||
| 942 |
_2ddc _cBOOK |
||
| 949 |
_a253 L98 _wDEWEY _c1 _i63718 _lCCODEBUL1 _mBUL _p11.00 _r0 _sY _tBOOK _u2015-7-6 _xTEOLOGIA _PP35 _o.STAFF. Colección General |
||
| 949 |
_a253 L98 _wDEWEY _c2 _i63376 _lCCODEBUL1 _mBUL _p11.00 _r0 _sY _tBOOK _u2015-7-6 _xTEOLOGIA _PP35 _o.STAFF. Colección General |
||
| 994 |
_aC0 _bPEPRU |
||
| 596 | _a1 | ||
| 999 |
_a253 L98 _wDEWEY _c52338 _i63718 _f2021-11-10 _g5 _lCCODEBUL1 _mBUL _p11.00 _r0 _sY _tBOOK _u2015-7-6 _xTEOLOGIA _PP35 _0COMPRA _o.STAFF. Colección General _d52338 |
||
| 999 |
_a253 L98 _wDEWEY _c2 _i63376 _f2021-11-10 _g5 _lCCODEBUL1 _mBUL _p11.00 _r0 _sY _tBOOK _u2015-7-6 _xTEOLOGIA _PP35 _0COMPRA _o.STAFF. Colección General |
||
| 980 |
_81 _gALBERTO SANCHEZ Responsable de Automatización |
||